00355 2200145 4500001002100000005001500021035002000036245006400056100001700120300001100137260002700148082000800175084001400183990001200197INLIS00000000000232920250528095400 a0010-05250006211 aBayarlah Upah Sebelum Keringatnya Mengering /cEggi Sudjana0 aEggi Sudjana a87 hlm aJakarta :bPPMI,c2000 a813 a813 EGG b a0712611